| 000 | 00890nam a2200217Ia 4500 | ||
|---|---|---|---|
| 001 | 11368 | ||
| 003 | GE_BSU | ||
| 008 | 181216s||||||||xx |||||||||||||| ||und|| | ||
| 040 | _cGE_BSU | ||
| 080 | _a634.836(479.22) | ||
| 100 | _aმიროტაძე ალექსანდრე , ბრეგვაძე მაკარ | ||
| 245 | _aრაჭა- ლეჩხუმის ვაზის ჯიშები | ||
| 245 | _cრედ: მ. რამიშვილი, რ. კიკაჩეიშვილი, მხატვრ. მ. მათიაშვილი | ||
| 260 | _aთბილისი. | ||
| 260 | _bსაბჭოთა საქართველო. | ||
| 260 | _c1972 | ||
| 300 | _a179გვ.19სმ. | ||
| 300 | _eილ. ცხრილები | ||
| 653 | _aრაჭა- ლეჩხუმის ვაზის ჯიშები | ||
| 942 | _cBK | ||
| 999 |
_c44565 _d44565 |
||